ბათუმის შოთა რუსთაველის სახელმწიფო უნივერსიტეტის ბიბლიოთეკა

ბიზანტიური რომანი / (ბიბ.ჩანაწერი № 55226)

000 -ლიდერი
ფიქსირებული სიგრძის საკონტროლო ველი 01615nam a2200301Ia 4500
001 - საკონტროლო ნომერი
საკონტროლო ველი 22301
003 - საკონტროლო ნომრის იდენტიფიკატორი
საკონტროლო ველი GE_BSU
005 - ბოლო ოპერაციის თარიღი და დრო
საკონტროლო ველი 20230306171908.0
008 - ფიქსირებული სიგრძის მონაცემთა ელემენტები - ზოგადი ინფორმაცია
ფიქსირებული სიგრძის საკონტროლო ველი 181216s2015||||ge |||||||||||||| ||geo||
020 ## - წიგნის საერთაშორისო სტანდარტული ნომერი
International Standard Book Number 978-9941-437-88-5
040 ## - კატალოგიზაციის წყარო
Transcribing agency GE_BSU
041 ## - ენის კოდი
Language code of text/sound track or separate title geo
080 ## - უნივერსალური ათობითი კლასიფიკაციის ინდექსი
Universal Decimal Classification number 821.14'04.31 ბ-66
245 ## - ცნობა სათაურის შესახებ
Title ბიზანტიური რომანი /
Statement of responsibility, etc ბერძნ. თარგმნა, წინათქმა და კომენტ. დაურთო მაია კაკაშვილმა ; რედ. გვანცა კოპლატაძე ; ყდის დიზაინი ალეკო ჯიქურიძე.
264 ## - წარმოების, გამოცემის, დისტრიბუციის და სხვა ცნობები
გამოცემის, წარმოების, დისტრიბუციის... ადგილი თბილისი :
გამოცემის, წარმოების, დისტრიბუციის... სახელწოდება ლოგოსი,
გამოცემის, წარმოების, დისტრიბუციის... თარიღი 2015.
300 ## - ფიზიკური აღწერა
Extent 206 გვ. ;
Dimensions 20 სმ.
500 ## - ზოგადი შენიშვნა
General note თავფურცელი აგრეთვე ბერძნულ ენაზე
500 ## - ზოგადი შენიშვნა
General note შენიშვნები გვ. : 186-205
653 ## - INDEX TERM--UNCONTROLLED
Uncontrolled term ამბავი დროსილასი და ქარიკლესისა
653 ## - INDEX TERM--UNCONTROLLED
Uncontrolled term ამბავი როდანთესი და დოსიკლესისა
653 ## - INDEX TERM--UNCONTROLLED
Uncontrolled term ბიზანტიური რომანი
700 ## - ADDED ENTRY--PERSONAL NAME
Personal name კაკაშვილი, მაია
Relator term მთარგმნელი
9 (RLIN) 17120
700 ## - ADDED ENTRY--PERSONAL NAME
Personal name კოპლატაძე, გვანცა
Relator term რედაქტორი
9 (RLIN) 16344
700 ## - ADDED ENTRY--PERSONAL NAME
Personal name პროდრომოსი, თ.
Relator term ავტორი
9 (RLIN) 17121
700 ## - ADDED ENTRY--PERSONAL NAME
Personal name ევგენიანოსი, ნ.
Relator term ავტორი
9 (RLIN) 17122
942 ## - ADDED ENTRY ELEMENTS (KOHA)
Koha item type წიგნი
Source of classification or shelving scheme
ეგზემპლარები
ჩამოწერის სტატუსი დაკარგული ეგზემპლარის სტატუსი კლასიფიკაციის წყარო ან თაროზე გაწყობის სქემა დაზიანების სტატუსი არ გაიცემა მუდმივი მდებარეობა (დაცვის ადგილი) ამჟამინდელი ადგილსამყოფელი თაროზე განთავსების ადგილი შეძენის თარიღი ღირებულება, შესყიდვის ნორმალური ფასი სრული შენახვის შიფრი შტრიხკოდი ბოლო ოპერაციის თარიღი ეგზემპლარის მიმდევრობითი ნომერი (კეტერი?) ფასის ძალაში შესვლის თარიღი ეგზემპლარის სახეობა საჯარო შენიშვნა
          ბათუმის შოთა რუსთაველის სახელმწიფო უნივერსიტეტის მთავარი ბიბლიოთეკა ბათუმის შოთა რუსთაველის სახელმწიფო უნივერსიტეტის მთავარი ბიბლიოთეკა წიგნსაცავი 2018-12-17 7.00 821.14'04.31 ბ-66 57499 2018-12-17 57499 2018-12-17 წიგნი 7.00 ₾.
          ბათუმის შოთა რუსთაველის სახელმწიფო უნივერსიტეტის მთავარი ბიბლიოთეკა ბათუმის შოთა რუსთაველის სახელმწიფო უნივერსიტეტის მთავარი ბიბლიოთეკა წიგნსაცავი 2018-12-17 7.00 821.14'04.31 ბ-66 57500 2018-12-17 57500 2018-12-17 წიგნი 7.00 ₾.
          ბათუმის შოთა რუსთაველის სახელმწიფო უნივერსიტეტის მთავარი ბიბლიოთეკა ბათუმის შოთა რუსთაველის სახელმწიფო უნივერსიტეტის მთავარი ბიბლიოთეკა წიგნსაცავი 2018-12-17 7.00 821.14'04.31 ბ-66 57501 2018-12-17 57501 2018-12-17 წიგნი 7.00 ₾.